[Event "La Fere op 7th"]
[Site "La Fere"]
[Date "2008.07.09"]
[Round "6"]
[White "Sanduleac, Vasile"]
[Black "Dutel, Francois"]
[Result "1-0"]
[WhiteElo "2466"]
[BlackElo "1871"]
[PlyCount "55"]
[EventDate "2008.07.05"]
[EventType "swiss"]
[EventRounds "9"]
[EventCountry "FRA"]
[SourceTitle "CBM 125 Extra"]
[Source "ChessBase"]
[SourceDate "2008.09.01"]
[SourceVersion "1"]
[SourceVersionDate "2008.09.01"]
[SourceQuality "1"]

1. e4 c5 2. Nf3 d6 3. d4 cxd4 4. Qxd4 a6 5. c4 Nc6 6. Qd2 Nf6 7. Nc3 e6 8. Be2 Be7 9. 0-0 Qc7 10. b3 b6 11. Bb2 Bb7 12. Rac1 0-0 13. Nd5 exd5 14. cxd5 Nxe4 15. Qc2 Nf6 16. dxc6 Bc8 17. Nd4 d5 18. Bf3 Bd6 19. g3 h5 20. Rfe1 h4 21. Nf5 hxg3 22. hxg3 Bxf5 23. Qxf5 Nh7 24. Bxd5 Rae8 25. Kg2 Rxe1 26. Rxe1 Be7 27. Rh1 Ng5 28. Qg6 1-0

[Event "La Fere op 7th"]
[Site "La Fere"]
[Date "2008.07.06"]
[Round "3"]
[White "Dutel, Francois"]
[Black "Blondel, Francis"]
[Result "1-0"]
[WhiteElo "1871"]
[BlackElo "1664"]
[PlyCount "54"]
[EventDate "2008.07.05"]
[EventType "swiss"]
[EventRounds "9"]
[EventCountry "FRA"]
[SourceTitle "CBM 125 Extra"]
[Source "ChessBase"]
[SourceDate "2008.09.01"]
[SourceVersion "1"]
[SourceVersionDate "2008.09.01"]
[SourceQuality "1"]

1. d4 Nf6 2. c4 e6 3. Nc3 Bb4 4. f3 0-0 5. a3 Bxc3+ 6. bxc3 d5 7. Bg5 Nbd7 8. e3 c6 9. Bd3 Qa5 10. c5 e5 11. Ne2 exd4 12. exd4 Re8 13. 0-0 h6 14. Bd2 Nf8 15. Ng3 Bd7 16. Bf5 Ne6 17. Qc2 Qc7 18. Rae1 b6 19. Bxe6 fxe6 20. Qg6 Kf8 21. Bxh6 Re7 22. Qxf6+ Rf7 23. Bxg7+ Kg8 24. Qe5 Qd8 25. Nh5 Rf5 26. Qg3 Rg5 27. Nf6+ Kf7 1-0

[Event "La Fere op 5th"]
[Site "La Fere"]
[Date "2006.07.08"]
[Round "1"]
[White "Dutel, Francois"]
[Black "Diener, Jean Denis"]
[Result "1/2-1/2"]
[WhiteElo "1946"]
[BlackElo "1761"]
[PlyCount "91"]
[EventDate "2006.07.08"]
[EventType "swiss"]
[EventRounds "9"]
[EventCountry "FRA"]
[SourceTitle "CBM 113 Extra"]
[Source "ChessBase"]
[SourceDate "2006.09.14"]
[SourceVersion "1"]
[SourceVersionDate "2006.09.14"]
[SourceQuality "1"]

1. d4 Nf6 2. c4 g6 3. Nc3 d5 4. Nf3 Bg7 5. Qb3 e6 6. Bg5 dxc4 7. Qxc4 c6 8. e4 Qb6 9. b4 0-0 10. Be2 a5 11. Rb1 axb4 12. Rxb4 Qc7 13. 0-0 Na6 14. Rbb1 b5 15. Qd3 Bb7 16. Rfc1 Qb8 17. Qd2 b4 18. Bxf6 bxc3 19. Rxc3 Bxf6 20. Rxc6 Qa7 21. e5 Be7 22. Rcb6 Rab8 23. Qb2 Bxf3 24. gxf3 Rxb6 25. Qxb6 Qxb6 26. Rxb6 Nc7 27. Rb7 Nd5 28. Bc4 Bg5 29. Bxd5 exd5 30. Ra7 Rc8 31. Rd7 Rc2 32. Rxd5 Rxa2 33. e6 Be7 34. Rd7 Kf8 35. d5 Rd2 36. d6 Rxd6 37. Rxd6 Bxd6 38. exf7 Kxf7 39. Kg2 g5 40. h3 Kg6 41. f4 Bxf4 42. Kf3 Kf5 43. Ke2 g4 44. hxg4+ Kxg4 45. Kf1 Kf3 46. Kg1 1/2-1/2

[Event "Le Touquet op 20th"]
[Site "Le Touquet"]
[Date "2005.10.27"]
[Round "7"]
[White "Dutel, Francois"]
[Black "Doucin, Paul"]
[Result "1-0"]
[WhiteElo "1780"]
[BlackElo "1787"]
[PlyCount "73"]
[EventDate "2005.10.23"]
[EventType "swiss"]
[EventRounds "9"]
[EventCountry "FRA"]
[SourceTitle "EXT 2006"]
[Source "ChessBase"]
[SourceDate "2005.11.24"]
[SourceVersion "1"]
[SourceVersionDate "2005.11.24"]
[SourceQuality "1"]

1. d4 Nf6 2. c4 g6 3. Nc3 Bg7 4. e4 d6 5. f3 0-0 6. Be3 e5 7. Nge2 c6 8. Qd2 a6 9. 0-0-0 Nbd7 10. Bh6 b5 11. Bxg7 Kxg7 12. g4 bxc4 13. Ng3 exd4 14. Qxd4 Kg8 15. Qxd6 Bb7 16. g5 Nd5 17. exd5 Qxg5+ 18. f4 Qf6 19. dxc6 Bxc6 20. Nge4 Qe6 21. Qxe6 fxe6 22. Bxc4 Rae8 23. Rhf1 a5 24. Rd6 Nb8 25. Nc5 Bg2 26. Rf2 Bd5 27. Bxd5 exd5 28. Rxd5 Nc6 29. h4 Nb4 30. Rd7 Rc8 31. N5e4 Nxa2+ 32. Kb1 Nb4 33. f5 gxf5 34. Rg2+ Kh8 35. Rgg7 Rfe8 36. Rxh7+ Kg8 37. Nf6+ 1-0